Top Producers of Fruits - Statistics

General Stats
  • This quiz has been taken 117 times
  • The average score is 121 of 150
Answer Stats
Hint Answer % Correct
Apple | Avocado | Cherry | +7 others United States
99%
Avocado | Banana | Coconut | +5 others Brazil
98%
Apple | Apricot | Cherry | +3 others Italy
98%
Avocado | Coconut | Lemon | +4 others Mexico
98%
Apple | Banana | Grape | +7 others China
96%
Apricot | Grape | Lemon | +3 others Spain
96%
Apple | Cherry | Lime | Raspberry Russia
94%
Apple | Apricot | Grape | Plum France
93%
Apple | Banana | Coconut | +8 others India
93%
Lime Germany
91%
Grape | Lemon | Pear Argentina
90%
Avocado | Banana | Pineapple Colombia
89%
Apple | Cherry | Grape | +2 others Chile
88%
Avocado Peru
88%
Lime Japan
86%
Avocado | Banana | Coconut | +3 others Indonesia
85%
Mango | Orange Egypt
83%
Apple | Apricot | Cherry | +6 others Turkey
83%
Grape | Lemon | Pear South Africa
78%
Apple | Apricot | Cherry | +4 others Iran
76%
Apple | Cherry | Raspberry Poland
76%
Mango | Pineapple Nigeria
74%
Raspberry Portugal
74%
Coconut | Mango | Pineapple Thailand
74%
Banana Ecuador
71%
Apricot Morocco
69%
Apricot | Mango Pakistan
69%
Cherry | Raspberry Ukraine
69%
Banana | Coconut | Pineapple Philippines
66%
Coconut Vietnam
66%
Lime South Korea
65%
Coconut Malaysia
64%
Apricot Algeria
61%
Mango Bangladesh
56%
Banana D.R. Congo
56%
Avocado Kenya
55%
Pear Netherlands
53%
Avocado Dominican Republic
51%
Avocado Ethiopia
51%
Plum Romania
50%
Pineapple Costa Rica
46%
Pear Belgium
45%
Coconut Sri Lanka
41%
Banana Angola
33%
Avocado Haiti
33%
Coconut Papua New Guinea
30%
Cherry | Plum | Raspberry Serbia
30%
Banana Cameroon
28%
Apricot Afghanistan
21%
Apricot | Cherry Uzbekistan
21%
Raspberry Bosnia and Herzegovina
11%
No matching quizzes found
Score Distribution
Percent of People with Each Score
Percentile by Number Answered
Your Score History
You have not taken this quiz